书目信息 |
| 题名: |
建筑砂浆配合比速查手册
|
|
| 作者: | 黄政宁 编 | |
| 分册: | ||
| 出版信息: | 北京 中国建筑工业出版社 2001.10 |
|
| 页数: | 446页 | |
| 开本: | 20cm | |
| 丛书名: | ||
| 单 册: | ||
| 中图分类: | TU528.062-62 , TU521-62 | |
| 科图分类: | ||
| 主题词: | 建筑材料:非金属材料 | |
| 电子资源: | ||
| ISBN: | 7-112-04774-9 | |
| 000 | 00629nam0 2200205 45 | |
| 001 | 0959000686 | |
| 005 | 20091012162409.64 | |
| 010 | @a7-112-04774-9@dRMB 22.00 | |
| 100 | @a20020417d2001 km y0chiy0120 ea | |
| 101 | 0 | @achi |
| 102 | @aCN@b110000 | |
| 200 | 1 | @a建筑砂浆配合比速查手册@Ajian zhu sha jiang pei he bi su cha shou ce@f黄政宁编@FHuang Zheng Ning Bian |
| 210 | @a北京@c中国建筑工业出版社@d2001.10 | |
| 215 | @a446页@d20cm | |
| 606 | 0 | @a建筑材料:非金属材料 |
| 690 | @aTU528.062-62@v3 | |
| 690 | @aTU521-62@v4 | |
| 701 | 0 | @a黄政宁@AHuang Zheng Ning@4编 |
| 801 | 0 | @aCN@bPFT@c20091012 |
| 905 | @a10447@dTU521-62@eH920 | |
| 建筑砂浆配合比速查手册/黄政宁编.-北京:中国建筑工业出版社,2001.10 |
| 446页;20cm |
| ISBN 7-112-04774-9:RMB 22.00 |
| ● |
| 相关链接 |
|
|
|
正题名:建筑砂浆配合比速查手册
索取号:TU521-62/H920
 
预约/预借
| 序号 | 登录号 | 条形码 | 馆藏地/架位号 | 状态 | 备注 |
| 1 | 890332 | 208903329 | 建筑库201/201建筑库 6排4列3层/ [索取号:TU521-62/H920] | 在馆 | |
| 2 | 890333 | 208903338 | 建筑库201/201建筑库 6排4列3层/ [索取号:TU521-62/H920] | 在馆 | |
| 3 | 890334 | 208903347 | 建筑库201/201建筑库 6排4列3层/ [索取号:TU521-62/H920] | 在馆 |